[Event "EU Maccabi Games 12th"]
[Site "Rome"]
[Date "2007.07.09"]
[Round "5"]
[White "Shmirina, Evgenija"]
[Black "Klein, Dominik"]
[Result "0-1"]
[WhiteElo "2130"]
[BlackElo "1935"]
[PlyCount "84"]
[EventDate "2007.07.05"]
[EventType "swiss"]
[EventRounds "7"]
[EventCountry "ITA"]
[SourceTitle "CBM 119 Extra"]
[Source "ChessBase"]
[SourceDate "2007.09.04"]
[SourceVersion "1"]
[SourceVersionDate "2007.09.04"]
[SourceQuality "1"]

1. e4 c5 2. Nf3 d6 3. d4 cxd4 4. Nxd4 Nf6 5. Nc3 a6 6. Be3 e5 7. Nb3 Be6 8. f3 Nbd7 9. g4 b5 10. g5 b4 11. Ne2 Nh5 12. Ng3 Nxg3 13. hxg3 a5 14. f4 g6 15. Qf3 a4 16. Nd2 exf4 17. gxf4 Bg7 18. f5 Ne5 19. Bb5+ Bd7 20. Bxd7+ Qxd7 21. Qg2 Qc6 22. f6 Bf8 23. 0-0 h5 24. c3 bxc3 25. Rac1 c2 26. Qe2 Rc8 27. Bd4 h4 28. Nf3 Rh5 29. Bxe5 dxe5 30. Kh2 Bc5 31. Qd3 Bd4 32. Nxd4 exd4 33. Qxd4 Rxg5 34. Rg1 Rxg1 35. Qe5+ Kf8 36. Qe7+ Kg8 37. Kxg1 Qc5+ 38. Qxc5 Rxc5 39. Kg2 g5 40. Kh3 Kh7 41. Kg4 Kg6 42. e5 a3 0-1

[Event "GER-ch U18 Girls"]
[Site "Willingen"]
[Date "2007.05.26"]
[Round "1"]
[White "Tischer, Jana"]
[Black "Shmirina, Evgenija"]
[Result "0-1"]
[WhiteElo "1862"]
[BlackElo "2112"]
[PlyCount "82"]
[EventDate "2007.05.26"]
[EventType "swiss"]
[EventRounds "9"]
[EventCountry "GER"]
[SourceTitle "CBM 118 Extra"]
[Source "ChessBase"]
[SourceDate "2007.07.04"]
[SourceVersion "1"]
[SourceVersionDate "2007.07.04"]
[SourceQuality "1"]

1. e4 e6 2. d4 d5 3. Nc3 dxe4 4. Nxe4 Bd7 5. Bd3 Bc6 6. Nf3 Nd7 7. 0-0 Ngf6 8. Qe2 Nxe4 9. Bxe4 Bxe4 10. Qxe4 c6 11. Re1 Nf6 12. Qd3 Be7 13. Bf4 0-0 14. Ng5 g6 15. Ne4 Nxe4 16. Qxe4 Qd5 17. Qe3 Bf6 18. Be5 Bg7 19. Bxg7 Kxg7 20. Qe5+ Kg8 21. Qxd5 cxd5 22. Re3 Rfc8 23. Rc1 Rc4 24. Rd3 Rac8 25. Rd2 Kg7 26. Kf1 g5 27. f3 b5 28. Ke2 Kg6 29. Kd3 h5 30. g3 b4 31. c3 f6 32. Rdc2 bxc3 33. Rxc3 Rxc3+ 34. Rxc3 Rb8 35. b3 Rb7 36. Rc6 Kf5 37. h3 h4 38. g4+ Kf4 39. Rxe6 Kg3 40. Re1 Kxh3 41. Re3 Kg2 0-1

[Event "EU-ch (Women) 8th"]
[Site "Dresden"]
[Date "2007.04.08"]
[Round "6"]
[White "Ionica, Iulia Ionela"]
[Black "Shmirina, Evgenija"]
[Result "1/2-1/2"]
[WhiteElo "2243"]
[BlackElo "2112"]
[PlyCount "111"]
[EventDate "2007.04.03"]
[EventType "swiss"]
[EventRounds "11"]
[EventCountry "GER"]
[SourceTitle "CBM 117 Extra"]
[Source "ChessBase"]
[SourceDate "2007.05.09"]
[SourceVersion "1"]
[SourceVersionDate "2007.05.09"]
[SourceQuality "1"]

1. e4 e6 2. d4 d5 3. Nd2 Nf6 4. e5 Ng8 5. Bd3 c5 6. c3 Nc6 7. Ne2 Qb6 8. Nf3 Bd7 9. 0-0 c4 10. Bc2 f5 11. exf6 gxf6 12. b3 cxb3 13. axb3 0-0-0 14. b4 Bd6 15. Ba3 Nce7 16. Ba4 Kb8 17. Bxd7 Rxd7 18. Qa4 Rd8 19. Nd2 Ng6 20. b5 Bxa3 21. Rxa3 N8e7 22. c4 Nc8 23. c5 Qc7 24. b6 Qd7 25. bxa7+ Ka8 26. Nc3 Qxa4 27. Rxa4 e5 28. Nb5 Rd7 29. Rb1 Nge7 30. Nb3 Nc6 31. Rba1 Rg8 32. Na5 N8e7 33. Nb3 Nc8 34. h3 Rgg7 35. Kf1 Rg8 36. Nc1 Re8 37. Ne2 N8e7 38. R4a3 Nxd4 39. Nbxd4 exd4 40. Nxd4 Rc8 41. Nb3 d4 42. Rd1 d3 43. Ra4 Rc6 44. Rc4 Kxa7 45. Rc3 Ng6 46. Rcxd3 Rxd3 47. Rxd3 Ne5 48. Rd5 Rc7 49. Ke2 Ka6 50. f4 Nc6 51. Rd6 Kb5 52. Rxf6 Kc4 53. Nd2+ Kxc5 54. g4 b5 55. Nb3+ Kb4 56. Nd2 1/2-1/2

[Event "Walldorf (Women)"]
[Site "Walldorf"]
[Date "2006.04.??"]
[Round "5"]
[White "Lubbe, Melanie"]
[Black "Shmirina, Evgenija"]
[Result "1-0"]
[WhiteElo "2081"]
[BlackElo "2116"]
[PlyCount "59"]
[EventDate "2006.04.13"]
[EventType "tourn"]
[EventRounds "9"]
[EventCountry "GER"]
[SourceTitle "CBM 111 Extra"]
[Source "ChessBase"]
[SourceDate "2006.05.09"]
[SourceVersion "1"]
[SourceVersionDate "2006.05.09"]
[SourceQuality "1"]

1. e4 c5 2. Nf3 d5 3. exd5 Qxd5 4. Nc3 Qd8 5. Bc4 e6 6. 0-0 Nf6 7. d4 cxd4 8. Nxd4 a6 9. a4 Bc5 10. Be3 0-0 11. Qd3 Qc7 12. Rad1 Ng4 13. g3 e5 14. Nd5 Qd7 15. Nf3 Nxe3 16. fxe3 Qf5 17. Qxf5 Bxf5 18. b4 Bh3 19. bxc5 Bxf1 20. Rxf1 Nd7 21. Ng5 h6 22. Ne7+ Kh8 23. Nxf7+ Kh7 24. Bd3+ e4 25. Bxe4+ g6 26. Nxg6 Rfe8 27. Nf8+ Kg7 28. Nxd7 Rxe4 29. Nd6 Rxa4 30. Nb6 1-0

[Event "Walldorf (Women)"]
[Site "Walldorf"]
[Date "2006.04.??"]
[Round "3"]
[White "Mader, Manuela"]
[Black "Shmirina, Evgenija"]
[Result "1-0"]
[WhiteElo "2067"]
[BlackElo "2116"]
[PlyCount "77"]
[EventDate "2006.04.13"]
[EventType "tourn"]
[EventRounds "9"]
[EventCountry "GER"]
[SourceTitle "CBM 111 Extra"]
[Source "ChessBase"]
[SourceDate "2006.05.09"]
[SourceVersion "1"]
[SourceVersionDate "2006.05.09"]
[SourceQuality "1"]

1. e4 d6 2. d4 Nf6 3. Nc3 e5 4. Nf3 Nbd7 5. g3 Be7 6. Bg2 c6 7. 0-0 Qc7 8. Re1 b6 9. b3 Bb7 10. Bb2 0-0-0 11. a4 Kb8 12. a5 b5 13. a6 Bc8 14. d5 b4 15. Na2 cxd5 16. exd5 Ka8 17. Nxb4 Nb8 18. Nxe5 Rde8 19. Nec6 Bd8 20. Bd4 Rxe1+ 21. Qxe1 Re8 22. Qd2 Ne4 23. Bxe4 Rxe4 24. Nxb8 Rxd4 25. Qxd4 Bf6 26. Qe3 Bxa1 27. N8c6 Qd7 28. Ne7 Bf6 29. Nxc8 Qxc8 30. Nc6 Qd7 31. b4 h5 32. h4 g6 33. Qh6 Qe8 34. Qe3 Qd7 35. c4 Bd8 36. Qd4 f6 37. Qe4 g5 38. Qe6 Qc7 39. Qe8 1-0

[Event "Walldorf (Women)"]
[Site "Walldorf"]
[Date "2006.04.??"]
[Round "1"]
[White "Shmirina, Evgenija"]
[Black "Vogel, Heike"]
[Result "1-0"]
[WhiteElo "2116"]
[BlackElo "2185"]
[PlyCount "47"]
[EventDate "2006.04.13"]
[EventType "tourn"]
[EventRounds "9"]
[EventCountry "GER"]
[SourceTitle "CBM 111 Extra"]
[Source "ChessBase"]
[SourceDate "2006.05.09"]
[SourceVersion "1"]
[SourceVersionDate "2006.05.09"]
[SourceQuality "1"]

1. f4 e5 2. e4 d5 3. exd5 Bc5 4. Nc3 Nf6 5. fxe5 Nxd5 6. Nf3 Bg4 7. d4 Bxf3 8. Qxf3 Nb4 9. dxc5 Nxc2+ 10. Kf2 Nxa1 11. Bb5+ c6 12. Ba4 Nd7 13. Rd1 Qh4+ 14. Kg1 Nxe5 15. Qf5 0-0 16. Qxe5 Rfe8 17. Qg3 Qb4 18. Bh6 Qxc5+ 19. Kh1 g6 20. Rxa1 b5 21. Bb3 b4 22. Qf3 Re7 23. Qf6 Qe5 24. Bxf7+ 1-0

[Event "GER-chT U16"]
[Site "Berlin"]
[Date "2005.12.27"]
[Round "2.1"]
[White "Hirneise, Tobias"]
[Black "Shmirina, Evgenija"]
[Result "0-1"]
[WhiteElo "2146"]
[BlackElo "2128"]
[PlyCount "108"]
[EventDate "2005.12.27"]
[EventType "team-swiss"]
[EventRounds "7"]
[EventCountry "GER"]
[SourceTitle "EXT 2022"]
[Source "ChessBase"]
[SourceDate "2021.10.06"]
[SourceVersion "1"]
[SourceVersionDate "2021.10.06"]
[SourceQuality "1"]
[WhiteTeam "Rommelshausen U16"]
[BlackTeam "Dresden SC 1898 U16"]
[WhiteTeamCountry "GER"]
[BlackTeamCountry "GER"]

1. e4 d6 2. d4 Nf6 3. Nc3 e5 4. Nf3 Nbd7 5. Bc4 Be7 6. 0-0 0-0 7. Re1 c6 8. a4 a5 9. b3 Qc7 10. Ba3 h6 11. Qd2 Re8 12. d5 Nb6 13. Rad1 Rd8 14. h3 Bd7 15. Bf1 Rac8 16. Rc1 cxd5 17. Nxd5 Nbxd5 18. exd5 Qc3 19. Qxc3 Rxc3 20. Bb2 Rcc8 21. c4 b6 22. Bd3 Nh7 23. Rc2 f5 24. Nd4 g6 25. Nb5 Bxb5 26. axb5 Nf6 27. Rcc1 Nd7 28. Ba3 Nc5 29. Bxc5 Rxc5 30. Ra1 Rc7 31. Reb1 Bf6 32. Ra2 e4 33. Bf1 Bc3 34. Rc2 Bb4 35. g3 Kf7 36. Re2 Kf6 37. Bg2 Re7 38. Kf1 Rde8 39. Rd1 g5 40. f3 exf3 41. Bxf3 Re3 42. Kf2 Bc5 43. Rxe3 Rxe3 44. Re1 Rxb3+ 45. Kg2 Be3 46. Be2 f4 47. gxf4 gxf4 48. Rd1 a4 49. Ra1 a3 50. Bd1 Rb2+ 51. Kf3 Kf5 52. Be2 a2 53. Bd3+ Ke5 54. c5 h5 0-1

[Event "Hockenheim 6 Countries U20 Girls"]
[Site "Hockenheim"]
[Date "2005.10.03"]
[Round "4"]
[White "Shmirina, Evgenija"]
[Black "Majdan, Joanna"]
[Result "0-1"]
[WhiteElo "2128"]
[BlackElo "2232"]
[PlyCount "118"]
[EventDate "2005.09.01"]
[EventType "team"]
[EventRounds "5"]
[EventCountry "GER"]
[SourceTitle "EXT 2007"]
[Source "ChessBase"]
[SourceDate "2006.11.23"]
[SourceVersion "1"]
[SourceVersionDate "2006.11.23"]
[SourceQuality "1"]

1. e4 c5 2. Nf3 Nc6 3. d4 cxd4 4. Nxd4 Nf6 5. Nc3 d6 6. Be3 e5 7. Nb3 Be7 8. f3 0-0 9. Qd2 Be6 10. 0-0-0 a5 11. Kb1 a4 12. Nc1 a3 13. b3 Ra5 14. g4 d5 15. g5 Nxe4 16. Nxe4 dxe4 17. Qxd8 Rxd8 18. Rxd8+ Bxd8 19. fxe4 Be7 20. Nd3 Ra8 21. Rg1 Rd8 22. Be2 Nd4 23. Bg4 Bxg4 24. Rxg4 Nb5 25. Bd2 Bc5 26. Rg3 Bd4 27. Rg2 Nc3+ 28. Bxc3 Bxc3 29. Re2 Kf8 30. Kc1 Ke7 31. Kd1 Rd6 32. Rg2 b5 33. Ke2 h6 34. h4 Rd8 35. g6 f5 36. exf5 Rd4 37. h5 Re4+ 38. Kf3 Rh4 39. Nf2 Rf4+ 40. Ke2 Rxf5 41. Ne4 Bd4 42. c3 Bb6 43. Rh2 Rf4 44. Kd3 Rf3+ 45. Kd2 Re3 46. Re2 Rh3 47. c4 bxc4 48. bxc4 Bd4 49. c5 Rxh5 50. Kd3 Rf5 51. Kc4 Ke6 52. Re1 Rf4 53. Kb5 Kd5 54. c6 Rf8 55. c7 Rc8 56. Kb4 Rxc7 57. Kxa3 Rc2 58. Kb3 Rb2+ 59. Ka3 Rg2 0-1

[Event "Hockenheim 6 Countries U20 Girls"]
[Site "Hockenheim"]
[Date "2005.10.01"]
[Round "1"]
[White "Shmirina, Evgenija"]
[Black "Agrest, Inna"]
[Result "0-1"]
[WhiteElo "2128"]
[BlackElo "2005"]
[PlyCount "106"]
[EventDate "2005.09.01"]
[EventType "team"]
[EventRounds "5"]
[EventCountry "GER"]
[SourceTitle "EXT 2007"]
[Source "ChessBase"]
[SourceDate "2006.11.23"]
[SourceVersion "1"]
[SourceVersionDate "2006.11.23"]
[SourceQuality "1"]

1. e4 e5 2. Nf3 Nc6 3. d4 exd4 4. Nxd4 Bc5 5. Nb3 Bb6 6. Nc3 Qf6 7. Qe2 Nge7 8. Be3 0-0 9. 0-0-0 d5 10. exd5 Nb4 11. a3 Na6 12. g3 Nf5 13. Bxb6 axb6 14. Bg2 Bd7 15. f4 Rfe8 16. Ne4 Qd8 17. Qd3 Nd6 18. Nxd6 cxd6 19. Be4 g6 20. h4 Rc8 21. Qd4 Rxe4 22. Qxe4 Bf5 23. Qe2 Rxc2+ 24. Qxc2 Bxc2 25. Kxc2 Qc8+ 26. Kb1 Qc4 27. Nc1 h5 28. Rhe1 Nc7 29. Ne2 Nb5 30. Ka1 Qb3 31. Rd2 Qe3 32. Red1 Nc7 33. Rc2 Na6 34. f5 gxf5 35. Nf4 Nc5 36. Rc3 Qe4 37. Rf1 Kf8 38. Rfc1 Qe5 39. R1c2 b5 40. Re2 Qd4 41. Re1 b4 42. axb4 Qxb4 43. Nxh5 Ne4 44. Rc8+ Ke7 45. Re3 Qa4+ 46. Ra3 Qd1+ 47. Ka2 Qxh5 48. Rc7+ Kf6 49. Rxb7 Qd1 50. Rb5 Nd2 51. Raa5 Qb1+ 52. Ka3 Qa1+ 53. Kb4 Qxb2+ 0-1

[Event "Wch U16 Girls"]
[Site "Belfort"]
[Date "2005.07.26"]
[Round "8"]
[White "Shmirina, Evgenija"]
[Black "Iurascu, Mihaela"]
[Result "1-0"]
[WhiteElo "2157"]
[BlackElo "1901"]
[PlyCount "109"]
[EventDate "2005.07.19"]
[EventType "swiss"]
[EventRounds "11"]
[EventCountry "FRA"]
[SourceTitle "CBM 107 Extra"]
[Source "ChessBase"]
[SourceDate "2005.09.01"]
[SourceVersion "1"]
[SourceVersionDate "2005.09.01"]
[SourceQuality "1"]

1. e4 c6 2. d4 d5 3. Nc3 dxe4 4. Nxe4 Bf5 5. Ng3 Bg6 6. Nf3 Nd7 7. h4 h6 8. h5 Bh7 9. Bd3 Bxd3 10. Qxd3 e6 11. Bf4 Qa5+ 12. Bd2 Qc7 13. 0-0-0 Ngf6 14. Qe2 0-0-0 15. Ne5 Nb6 16. Ba5 Bd6 17. Ne4 Nxe4 18. Qxe4 Rhf8 19. g3 c5 20. f4 cxd4 21. Rxd4 Qc5 22. Bb4 Qc7 23. Bxd6 Rxd6 24. Rxd6 Qxd6 25. Rd1 Qc7 26. Rd4 Qe7 27. b3 Qa3+ 28. Kb1 Qe7 29. Kb2 Rd8 30. Rxd8+ Kxd8 31. c4 Ke8 32. Kc3 a5 33. Nd3 Kf8 34. Qe5 Nd7 35. Qxa5 Qf6+ 36. Kc2 b6 37. Qa8+ Ke7 38. Qa3+ Ke8 39. Qa8+ Ke7 40. Qe4 Qa1 41. a4 Qa2+ 42. Kc3 Qa1+ 43. Kb4 Qd1 44. Qe3 Qxh5 45. Ne5 Nc5 46. Kb5 Nd7 47. Ka6 Qh1 48. Nxd7 Qa8+ 49. Kxb6 Qd8+ 50. Ka6 Qc8+ 51. Ka5 Kxd7 52. Qd4+ Ke7 53. c5 Qa8+ 54. Kb5 Qb7+ 55. Kc4 1-0

[Event "Wch U16 Girls"]
[Site "Belfort"]
[Date "2005.07.24"]
[Round "6"]
[White "Shmirina, Evgenija"]
[Black "Leks, Hanna"]
[Result "0-1"]
[WhiteElo "2157"]
[BlackElo "2173"]
[PlyCount "74"]
[EventDate "2005.07.19"]
[EventType "swiss"]
[EventRounds "11"]
[EventCountry "FRA"]
[SourceTitle "CBM 107 Extra"]
[Source "ChessBase"]
[SourceDate "2005.09.01"]
[SourceVersion "1"]
[SourceVersionDate "2005.09.01"]
[SourceQuality "1"]

1. e4 c5 2. Nf3 d6 3. d4 cxd4 4. Nxd4 Nf6 5. Nc3 Nc6 6. Bg5 e6 7. Nb3 a6 8. Qd2 b5 9. f3 h6 10. Be3 Bd7 11. 0-0-0 Ne5 12. Kb1 b4 13. Ne2 Nc4 14. Qd4 Bb5 15. Bc1 Qc7 16. Ng3 Rc8 17. Bxc4 Bxc4 18. Be3 a5 19. Rc1 Be7 20. Nd2 d5 21. Nxc4 dxc4 22. Qb6 Qxb6 23. Bxb6 Rc6 24. Bd4 0-0 25. c3 Rb8 26. Kc2 b3+ 27. axb3 cxb3+ 28. Kd2 a4 29. Ke3 Nd7 30. e5 f6 31. exf6 gxf6 32. Kd2 f5 33. f4 Kf7 34. Ne2 e5 35. Be3 Rd6+ 36. Ke1 Rd3 37. Kf2 Nf6 0-1

[Event "Mitropa Cup (Women)"]
[Site "Steinbrunn"]
[Date "2005.05.29"]
[Round "9"]
[White "Benmesbah, Natacha"]
[Black "Shmirina, Evgenija"]
[Result "1/2-1/2"]
[WhiteElo "2113"]
[BlackElo "2176"]
[PlyCount "114"]
[EventDate "2005.05.21"]
[EventType "team-tourn"]
[EventRounds "9"]
[EventCountry "AUT"]
[SourceTitle "CBM 106 Extra"]
[Source "ChessBase"]
[SourceDate "2005.07.01"]
[SourceVersion "1"]
[SourceVersionDate "2005.07.01"]
[SourceQuality "1"]
[WhiteTeam "France (W)"]
[BlackTeam "Germany (W)"]
[WhiteTeamCountry "FRA"]
[BlackTeamCountry "GER"]

1. e4 d6 2. d4 Nf6 3. Nc3 e5 4. Nf3 Nbd7 5. Bc4 Be7 6. 0-0 0-0 7. Re1 c6 8. a4 Qc7 9. h3 exd4 10. Qxd4 Ne5 11. Nxe5 dxe5 12. Qe3 Be6 13. Qe2 Bc5 14. a5 Qe7 15. Bg5 Bxf2+ 16. Qxf2 Bxc4 17. b3 Ba6 18. Na4 h6 19. Bc1 Rfd8 20. Nc5 Nd7 21. Ba3 Nxc5 22. Bxc5 Qd7 23. Bxa7 Qd2 24. Be3 Qxf2+ 25. Kxf2 Rd6 26. Red1 Rad8 27. Rxd6 Rxd6 28. c4 Rd3 29. Rb1 f6 30. Ke2 Rd7 31. Rb2 Kf7 32. Rd2 Ke6 33. Bc5 Rxd2+ 34. Kxd2 g6 35. g4 f5 36. exf5+ gxf5 37. gxf5+ Kxf5 38. Ke3 b5 39. axb6 Bc8 40. Kd3 Bb7 41. Be3 h5 42. Bh6 Ba8 43. Kc3 Ke6 44. Kb4 Bb7 45. Kc5 Kd7 46. Bg7 Ke6 47. b4 e4 48. Bh6 Ke5 49. Be3 Ke6 50. Kd4 Kf5 51. Bd2 Ke6 52. Kxe4 c5+ 53. Kf4 cxb4 54. Kg5 b3 55. Bc3 Bf3 56. b7 Bxb7 57. Kxh5 Kd6 1/2-1/2

[Event "Oberliga Ost-A 0405"]
[Site "Germany"]
[Date "2004.12.12"]
[Round "5.2"]
[White "Shmirina, Evgenija"]
[Black "Matthey, Harald"]
[Result "1/2-1/2"]
[WhiteElo "2182"]
[BlackElo "2267"]
[PlyCount "116"]
[EventDate "2004.10.10"]
[EventType "team-tourn"]
[EventRounds "11"]
[EventCountry "GER"]
[SourceTitle "EXT 2006"]
[Source "ChessBase"]
[SourceDate "2005.11.24"]
[SourceVersion "1"]
[SourceVersionDate "2005.11.24"]
[SourceQuality "1"]
[WhiteTeam "Dresden SC 1898 II"]
[BlackTeam "Loeberitz"]
[WhiteTeamCountry "GER"]
[BlackTeamCountry "GER"]

1. e4 Nf6 2. e5 Nd5 3. c4 Nb6 4. d4 d6 5. exd6 exd6 6. Nf3 Be7 7. Be2 0-0 8. 0-0 c6 9. Nc3 Bg4 10. b3 a5 11. d5 Bf6 12. Bb2 Re8 13. Re1 Na6 14. Qd2 cxd5 15. Nxd5 Nxd5 16. cxd5 Nb4 17. Bb5 Rf8 18. Bxf6 Qxf6 19. a3 Na6 20. Qd4 Bxf3 21. Qxf6 gxf6 22. gxf3 Nc7 23. Bc4 Rfe8 24. Kf1 Kf8 25. Rac1 Rxe1+ 26. Rxe1 Rc8 27. Rd1 Na8 28. Bd3 h6 29. Bf5 Rc3 30. Rd3 Rc1+ 31. Ke2 Nb6 32. Kd2 Rf1 33. Ke2 Rb1 34. f4 Rb2+ 35. Kf3 Ke7 36. Re3+ Kd8 37. Rd3 a4 38. bxa4 Nxa4 39. Ke3 b5 40. Be4 Nc5 41. Rc3 Kc7 42. Bf3 Kd8 43. Be4 Ke7 44. Bd3 Kf8 45. Bf5 Kg7 46. h3 Ra2 47. Bd3 Nxd3 48. Rxd3 Kg6 49. Ke4 Rxf2 50. Rg3+ Kh5 51. Rb3 Rh2 52. Kf5 Kh4 53. Kxf6 Rxh3 54. Rxb5 Rxa3 55. Kxf7 Kg4 56. Ke6 Kxf4 57. Rb4+ Kg3 58. Kxd6 h5 1/2-1/2

[Event "EU-chT U18 Girls"]
[Site "Obrenovac"]
[Date "2004.07.15"]
[Round "6.1"]
[White "Shmirina, Evgenija"]
[Black "Padurariu, Ioana Smaranda"]
[Result "1-0"]
[WhiteElo "2182"]
[BlackElo "2107"]
[PlyCount "115"]
[EventDate "2004.07.10"]
[EventType "team-tourn"]
[EventRounds "7"]
[EventCountry "YUG"]
[SourceTitle "CBM 101 Extra"]
[Source "ChessBase"]
[SourceDate "2004.09.01"]
[SourceVersion "2"]
[SourceVersionDate "2004.09.01"]
[SourceQuality "1"]
[WhiteTeam "Germany (W)"]
[BlackTeam "Romania (W)"]
[WhiteTeamCountry "GER"]
[BlackTeamCountry "ROU"]

1. e4 e6 2. d4 d5 3. Nc3 Nf6 4. exd5 exd5 5. Bg5 Be7 6. Bd3 Nc6 7. Nge2 Bg4 8. f3 Bh5 9. Qd2 Bg6 10. 0-0-0 Qd7 11. Kb1 0-0-0 12. a3 Na5 13. Nf4 Nc4 14. Bxc4 dxc4 15. Qe2 b5 16. Nxg6 hxg6 17. h4 Rhe8 18. Qf2 Nd5 19. Nxd5 Qxd5 20. Bxe7 Rxe7 21. c3 Qf5+ 22. Ka2 c6 23. Rhe1 Rxe1 24. Rxe1 Qd7 25. Qe3 Qd6 26. Qe4 Kc7 27. Kb1 Kd7 28. Re2 a5 29. Qe5 Qxe5 30. Rxe5 a4 31. Kc2 Rh8 32. Re4 f5 33. Re2 Rxh4 34. g3 Rh3 35. Rg2 Ke6 36. Kd2 g5 37. Ke3 Rh1 38. Re2 Kf6 39. g4 Rb1 40. gxf5 Kxf5 41. Rd2 Rg1 42. d5 Re1+ 43. Kf2 Re8 44. dxc6 Rc8 45. Rd5+ Kf4 46. Rxb5 Rxc6 47. Rb4 g4 48. fxg4 Kxg4 49. Rxa4 g5 50. Kg2 Kh5 51. Rb4 g4 52. Kg3 Rc5 53. a4 Kg6 54. Kxg4 Kf6 55. Kf4 Rh5 56. Ke4 Ke6 57. Kd4 Kd6 58. Kxc4 1-0

[Event "EU-ch U16 Girls"]
[Site "Urgup"]
[Date "2004.07.??"]
[Round "3"]
[White "Acarbay, Algi"]
[Black "Shmirina, Evgenija"]
[Result "1/2-1/2"]
[WhiteElo "1847"]
[BlackElo "2182"]
[PlyCount "108"]
[EventDate "2004.08.??"]
[EventType "swiss"]
[EventRounds "9"]
[EventCountry "TUR"]
[SourceTitle "EXT 2005"]
[Source "ChessBase"]
[SourceDate "2004.11.15"]
[SourceVersion "1"]
[SourceVersionDate "2004.11.15"]
[SourceQuality "1"]

1. d4 e6 2. Nf3 f5 3. g3 Nf6 4. Bg2 d5 5. c4 c6 6. 0-0 Bd6 7. b3 Qe7 8. Bb2 0-0 9. Qc1 Bd7 10. Ba3 Bxa3 11. Nxa3 Be8 12. Nc2 Bh5 13. Qb2 Nbd7 14. Nce1 Bxf3 15. Nxf3 Ne4 16. Rad1 Qf6 17. Ne5 Nxe5 18. dxe5 Qe7 19. Rfe1 b5 20. cxb5 cxb5 21. f3 Qc5+ 22. Qd4 Qxd4+ 23. Rxd4 Nc3 24. e4 f4 25. exd5 Nxd5 26. Bh3 Rae8 27. Bxe6+ Rxe6 28. Rxd5 fxg3 29. hxg3 Rxf3 30. Kg2 Rc3 31. Re2 a6 32. Rf2 h6 33. Re2 Kh7 34. Kh3 Rg6 35. Rd6 Rcxg3+ 36. Kh2 Rxd6 37. Kxg3 Re6 38. Kf4 Kg6 39. Ke4 Kf7 40. Kd5 Rg6 41. Rc2 h5 42. Rc7+ Ke8 43. e6 Rg2 44. Kd6 Rd2+ 45. Ke5 Rxa2 46. Rxg7 Rb2 47. Kd6 Rd2+ 48. Ke5 b4 49. Rb7 a5 50. Ra7 Rd3 51. Rxa5 Rxb3 52. Ra8+ Ke7 53. Ra7+ Kf8 54. Ra8+ Ke7 1/2-1/2

[Event "EU-ch U16 Girls"]
[Site "Urgup"]
[Date "2004.07.??"]
[Round "7"]
[White "Mikadze, Miranda"]
[Black "Shmirina, Evgenija"]
[Result "1-0"]
[WhiteElo "2149"]
[BlackElo "2182"]
[PlyCount "74"]
[EventDate "2004.08.??"]
[EventType "swiss"]
[EventRounds "9"]
[EventCountry "TUR"]
[SourceTitle "EXT 2005"]
[Source "ChessBase"]
[SourceDate "2004.11.15"]
[SourceVersion "1"]
[SourceVersionDate "2004.11.15"]
[SourceQuality "1"]

1. e4 e6 2. d4 d5 3. Nc3 Bb4 4. e5 Ne7 5. Bd2 Nf5 6. Nf3 b6 7. Bd3 Bxc3 8. Bxc3 Ba6 9. Bxa6 Nxa6 10. Qd3 Nb8 11. 0-0 0-0 12. Bd2 h6 13. Rae1 c5 14. Kh1 Nc6 15. c3 Rc8 16. dxc5 bxc5 17. Rd1 Qb6 18. b3 d4 19. Bf4 Rfd8 20. Nd2 g5 21. Bg3 Qc7 22. Rfe1 Rd5 23. Nc4 Rcd8 24. Rb1 dxc3 25. Qxc3 Rd3 26. Qb2 R8d5 27. Qe2 R3d4 28. f3 Nxg3+ 29. hxg3 Na5 30. Nd6 Nc6 31. Ne4 Kg7 32. f4 Rd8 33. Qf3 Kf8 34. fxg5 hxg5 35. Qf6 R8d7 36. Nd6 R7xd6 37. exd6 Rxd6 1-0

[Event "Oberliga Ost-A 0304"]
[Site "Germany"]
[Date "2004.04.24"]
[Round "10.2"]
[White "Shmirina, Evgenija"]
[Black "Gerhardt, Frank"]
[Result "1/2-1/2"]
[WhiteElo "2157"]
[BlackElo "2140"]
[PlyCount "84"]
[EventDate "2003.11.02"]
[EventType "team-tourn"]
[EventRounds "11"]
[EventCountry "GER"]
[SourceTitle "EXT 2005"]
[Source "ChessBase"]
[SourceDate "2004.11.15"]
[SourceVersion "1"]
[SourceVersionDate "2004.11.15"]
[SourceQuality "1"]
[WhiteTeam "Dresden SC II"]
[BlackTeam "Liebschwitz"]
[WhiteTeamCountry "GER"]
[BlackTeamCountry "GER"]

1. e4 c5 2. Nf3 Nc6 3. d4 cxd4 4. Nxd4 Nf6 5. Nc3 e5 6. Ndb5 d6 7. Bg5 a6 8. Na3 b5 9. Nd5 Qa5+ 10. c3 Nxd5 11. Qxd5 Qc7 12. Be2 Be6 13. Qd2 h6 14. Be3 Be7 15. 0-0 Rd8 16. c4 b4 17. Nc2 a5 18. b3 0-0 19. f4 f5 20. Bd3 exf4 21. Bxf4 Bf6 22. Rad1 Be5 23. exf5 Bxf5 24. Bxf5 Rxf5 25. Be3 Rxf1+ 26. Rxf1 d5 27. cxd5 Bxh2+ 28. Kh1 Qe5 29. Bf4 Bxf4 30. Qxf4 Qxf4 31. Rxf4 Rxd5 32. Ne3 Re5 33. Nc4 Re2 34. Rf5 Rxa2 35. Rc5 Nd4 36. Nxa5 Ra3 37. Rc4 Nxb3 38. Nc6 Ra1+ 39. Kh2 Rc1 40. Rxb4 Rxc6 41. Rxb3 Rc2 42. Kg3 Kf7 1/2-1/2

[Event "BL 0304 (Women)"]
[Site "Germany"]
[Date "2004.04.18"]
[Round "11.4"]
[White "Shmirina, Evgenija"]
[Black "Lehmann, Christina"]
[Result "1-0"]
[WhiteElo "2164"]
[BlackElo "2156"]
[PlyCount "59"]
[EventDate "2003.11.29"]
[EventType "team-tourn"]
[EventRounds "11"]
[EventCountry "GER"]
[SourceTitle "EXT 2005"]
[Source "ChessBase"]
[SourceDate "2004.11.15"]
[SourceVersion "1"]
[SourceVersionDate "2004.11.15"]
[SourceQuality "1"]
[WhiteTeam "Dresden SC (W)"]
[BlackTeam "Grosslehna (W)"]
[WhiteTeamCountry "GER"]
[BlackTeamCountry "GER"]

1. e4 c5 2. Nf3 d6 3. d4 cxd4 4. Nxd4 Nf6 5. Nc3 a6 6. Be3 e5 7. Nb3 Qc7 8. f3 Be6 9. g4 h6 10. h4 Nc6 11. Rg1 Be7 12. Qd2 Rc8 13. 0-0-0 Nb4 14. Kb1 d5 15. g5 hxg5 16. hxg5 d4 17. gxf6 dxe3 18. fxg7 Rg8 19. Qxe3 Bxb3 20. cxb3 Bc5 21. Qg5 Bxg1 22. Qxg1 Rd8 23. Rc1 Qd6 24. a3 Nc6 25. Nd5 Ne7 26. Nc7+ Kd7 27. Bh3+ f5 28. exf5 Qf6 29. Qd1+ Kc8 30. Ne8+ 1-0